ARRUPE JESUIT UNIVERSITY

CORONAVIRUS -STOP THE SPREAD - CLEAN,DISINFECT,COVER

Kaunda of Zambia, (Record no. 120416)

MARC details
000 -LEADER
fixed length control field 01124cam a2200301 4500
001 - CONTROL NUMBER
control field 1258204
003 - CONTROL NUMBER IDENTIFIER
control field ARRUPE
005 - DATE AND TIME OF LATEST TRANSACTION
control field 20140414143023.0
008 - FIXED-LENGTH DATA ELEMENTS--GENERAL INFORMATION
fixed length control field 690919s1967 enka j 000 0beng
010 ## - LIBRARY OF CONGRESS CONTROL NUMBER
LC control number 73405274
015 ## - NATIONAL BIBLIOGRAPHY NUMBER
National bibliography number B***
040 ## - CATALOGING SOURCE
Original cataloging agency DLC
Transcribing agency DLC
Modifying agency DLC
042 ## - AUTHENTICATION CODE
Authentication code lcac
050 00 - LIBRARY OF CONGRESS CALL NUMBER
Classification number SPC DT963.6K3
Item number T4 1967
082 00 - DEWEY DECIMAL CLASSIFICATION NUMBER
Classification number 968.9/4
-- B
-- 92
300 ## - PHYSICAL DESCRIPTION
Other physical details col. illus.
Dimensions 19 cm.
100 1# - MAIN ENTRY--PERSONAL NAME
Personal name Temple, M. M.
9 (RLIN) 9908
245 10 - TITLE STATEMENT
Title Kaunda of Zambia,
Statement of responsibility, etc by M. M. Temple and John Sokoni; illustrated by Sheila Connelly, from drawings by Thompson Simpasa.
260 ## - PUBLICATION, DISTRIBUTION, ETC. (IMPRINT)
Place of publication, distribution, etc London,
Name of publisher, distributor, etc Nelson,
Date of publication, distribution, etc 1967.
300 ## - PHYSICAL DESCRIPTION
Extent 64 p.
350 ## - PRICE (NR) (BK AM CF MU VM SE) [OBSOLETE]
Price unpriced
490 0# - SERIES STATEMENT
Series statement The Men of greatness series
520 ## - SUMMARY, ETC.
Summary, etc A biography of the Northern Rhodesian who helped bring independence to his country, now called Zambia, and became its Prime Minister in 1964.
600 10 - SUBJECT ADDED ENTRY--PERSONAL NAME
Personal name Kaunda, Kenneth D.
Fuller form of name (Kenneth David),
Dates associated with a name 1924-
General subdivision Juvenile literature.
9 (RLIN) 9909
600 11 - SUBJECT ADDED ENTRY--PERSONAL NAME
Personal name Kaunda, Kenneth D.
Fuller form of name (Kenneth David),
Dates associated with a name 1924-
9 (RLIN) 9910
700 1# - ADDED ENTRY--PERSONAL NAME
Personal name Sokoni, John,
Relator term joint author.
9 (RLIN) 9911
906 ## - LOCAL DATA ELEMENT F, LDF (RLIN)
a 7
b cbc
c orignew
d u
e ncip
f 19
g y-gencatlg
942 ## - ADDED ENTRY ELEMENTS (KOHA)
Source of classification or shelving scheme Library of Congress Classification
Koha item type Monograph ( Printed materials)
Holdings
Withdrawn status Lost status Source of classification or shelving scheme Damaged status Not for loan Collection code Home library Current library Shelving location Date acquired Total Checkouts Full call number Barcode Date last seen Price effective from Koha item type
    Library of Congress Classification     SPECIAL Collection ARRUPE LIBRARY ARRUPE LIBRARY Main Collection 14/04/2014   SPC DT963.6K3 T4 1967 46500002042 14/04/2014 14/04/2014 Monograph ( Printed materials)

 

Arrupe Library. PO Box MP320 Mt Pleasant, Harare, Zimbabwe
263 242 745411|librarian@aju.ac.zw